| 000 | 00583nam a2200193Ia 4500 | ||
|---|---|---|---|
| 003 | GCL | ||
| 008 | 140319s9999 xx 000 0 eng d | ||
| 040 |
_aGCL / _cGCL |
||
| 082 | 0 | 4 |
_aCC _b962.03 _bA E |
| 100 | 1 | _aABOUSEIF, DORIS B | |
| 245 | 1 | 0 |
_aEGYPT'S ADJUSTMENT TO OTTOMAN RULE: INSTITUTIONS WAQF AND ARCHITECTURE IN CAIRO (16 TH AND 17 TH CENTURIES) / _cABOUSEIF, DORIS B |
| 260 |
_a[S.N] : _bE. J. BRILL ، _c1994 |
||
| 300 | _a311 P | ||
| 650 | 0 | 4 | _aCAIRO, HISTORY |
| 650 | 0 | 4 | _aWAQF, BARSBAY |
| 650 | 0 | 4 | _aEGYPT - HISTORY |
| 650 | 0 | 4 | _aMOSQUES - EGYPT |
| 942 |
_2ddc _cBK |
||
| 999 |
_c10893 _d10893 |
||